Polskie miasta, które pokonują Warszawę - Statystyki

Ogólne statystyki
  • Ten quiz został rozwiązany 25 razy
  • Średni wynik to 6 z 14
Statystyki odpowiedzi
Ranga Kategoria Miasto % Poprawnych
4 Najbardziej na wschód wysunięte miasto wojewódzkie Białystok | Lublin | Rzeszów
100%
2 Największa powierzchnia administracyjna Gdańsk
94%
4 Miasto, w którym mieści się największy zamek w Polsce Malbork | Kraków | Wałbrzych
83%
2 Miasto będące stolicą Polski najdłużej Kraków
72%
4 Miasto o najstarszym porcie lotniczym w Polsce (mogło mieć przerwy w funkcjonowaniu) Poznań | Bydgoszcz | Łódź
50%
3 Miasto z klubem piłkarskim o największej liczbie mistrzostw Polski z rzędu (nie licząc Lwowa) Zabrze | Chorzów
44%
7 Najwięcej wystąpień litery A w nazwie Biała Podlaska | Rawa Mazowiecka | Góra Kalwaria | Czarna Białostocka | Kalwaria Zebrzydowska | Biała Rawska
28%
13 Miasto o najniższym bezrobociu Katowice | Luboń | Puszczykowo | Buk | Kostrzyn | Kórnik | Mosina | Murowana Goślina | Pobiedziska | Stęszew | Swarzędz | Poznań
28%
13 Najniższa przeciętna liczba osób w jednym mieszkaniu Międzyzdroje | Dziwnów | Mielno | Szklarska Poręba | Hel | Kołobrzeg | Karpacz | Sopot | Świnoujście | Łódź | Kleszczele | Wrocław
28%
30 Miasto z najniższym odsetkiem wdowców Kąty Wrocławskie | Sobótka | Siechnice | Rzeszów | Nowe Warpno | Police | Pruszcz Gdański | Pobiedziska | Hel | Jastarnia | Puck | Władysławowo | Koronowo | Solec Kujawski | Reda | Rumia | Wejherowo | Kraków | Kobyłka | Niepołomice | Legionowo | Serock | Osieczna | Rydzyna | Barczewo | Biskupiec | Dobre Miasto | Jeziorany | Olsztynek
22%
35 Największy przyrost procentowy mieszkańców w latach 2002-2024 wśród miast o populacji powyżej 10 tysięcy mieszkańców w 2024 r. Rzeszów | Olsztyn | Zielona Góra | Pruszków | Rumia | Piaseczno | Ząbki | Marki | Grodzisk Mazowiecki | Luboń | Pruszcz Gdański | Września | Reda | Kobyłka | Wieliczka | Środa Wielkopolska | Orzesze | Sulejówek | Józefów | Łomianki | Grójec | Niepołomice | Ożarów Mazowiecki | Grodzisk Wielkopolski | Radzymin | Brwinów | Mosina | Trzebnica | Wasilków | Sędziszów Małopolski | Góra Kalwaria | Siechnice | Lubawa | Głogów Małopolski
22%
21 Miasto o najdłuższej sieci ścieżek rowerowych na jednostkę powierzchni Nowa Sól | Żyrardów | Złotów | Wąbrzeźno | Pruszków | Ząbki | Leszno | Kościerzyna | Zamość | Legionowo | Świdnik | Piastów | Bolesławiec (dolnośląskie) | Kościan | Biłgoraj | Białystok | Suwałki | Chojnice | Wągrowiec | Iława
11%
3 Najwięcej wystąpień litery W w nazwie Władysławowo | Nowy Dwór Mazowiecki
11%
4 Najwyższa gęstość zaludnienia Ząbki | Piastów | Legionowo
11%
Nie znaleziono quizów pasujących do podanych kryteriów
Rozkład punktacji
Procent ludzi z każdym wynikiem
Percentyl według liczby udzielonych odpowiedzi
Twoja historia wyników
Nie rozwiązałeś tego quizu